000 00255nam a22001097a 4500
008 160614b xxu||||| |||| 00| 0 eng d
020 _a0801611563
041 _aeng
080 _a618.2
245 _aPro-nurse handbook:
_cMelodie Chenevert.
942 _2udc
_cBK
999 _c2501
_d2501